000 00547nam a2200181Ia 4500
003 GCL
008 140319s9999 xx 000 0 ara d
040 _aGCL /
_cGCL
082 0 4 _a225
_bع م
100 1 _aعبدالفتاح لاشين
245 1 0 _aمن اسرار التعبير فى القران الفاصلة القرانية /
_cعبدالفتاح لاشين
260 _a[S.N] :
_bدار المريخ للنشر ،
_c1982
300 _a165 ص
490 _a
650 0 4 _aالبلاغة
650 0 4 _aالقران
942 _2ddc
_cBK
999 _c45906
_d45906